Zdobyte Puchary Polskich Klubów - Statystyki

Ogólne statystyki
  • Ten quiz został rozwiązany 10 razy
  • Średni wynik to 17 z 24
Statystyki odpowiedzi
Hint Odpowiedź % Poprawnych
1 Cracovia
100%
6 Górnik Zabrze
100%
5 Lech Poznań
100%
21 Legia Warszawa
100%
3 Ruch Chorzów
100%
5 Wisła Kraków
100%
2 Arka Gdynia
88%
2 Lechia Gdańsk
88%
1 ŁKS Łódź
88%
2 Raków Częstochowa
88%
3 GKS Katowice
75%
1 Jagiellonia Białystok
75%
2 Polonia Warszawa
75%
2 Śląsk Wrocław
75%
1 Widzew Łódź
75%
1 Wisła Płock
75%
1 Zawisza Bydgoszcz
75%
3 Amica Wronki
50%
1 Miedź Legnica
50%
4 Zagłębie Sosnowiec
50%
1 Gwardia Warszawa
38%
2 Dyskobolia Grodzisk Wielkopolski
25%
1 Stal Rzeszów
25%
7 Artur Jędrzejczyk
0%
Nie znaleziono quizów pasujących do podanych kryteriów
Rozkład punktacji
Procent ludzi z każdym wynikiem
Percentyl według liczby udzielonych odpowiedzi
Twoja historia wyników
Nie rozwiązałeś tego quizu